[Event "51smm A Richter/Lask-Klausen"]
[Site "?"]
[Date "2019.11.09"]
[Round "1.5"]
[White "Schrott, Ernst"]
[Black "Pangrazzi, Marco"]
[Result "1-0"]
[WhiteElo "1867"]
[BlackElo "2164"]
[PlyCount "53"]
[EventDate "2019.11.09"]

1. e4 c5 2. Nf3 Nc6 3. d4 cxd4 4. Nxd4 Nf6 5. Nc3 e5 6. Ndb5 d6 7. a4 Be6 8.
Bg5 a6 9. Bxf6 gxf6 10. Na3 Qb6 11. Nc4 Qb4 12. Ne3 Rc8 13. Bd3 Qxb2 14. Ncd5
Bxd5 15. Nxd5 Nb4 16. O-O Nxd5 17. exd5 Qd4 18. Qf3 Be7 19. Rab1 Rc7 20. Bxa6
e4 21. Bb5+ Kf8 22. Qh5 Qe5 23. Qh6+ Kg8 24. Rb3 Bf8 25. Qd2 f5 26. Qg5+ Qg7
27. Qd8 1-0

[Event "51smm A Richter/Lask-Klausen"]
[Site "?"]
[Date "2019.11.09"]
[Round "1.6"]
[White "Buglisi, Massimo"]
[Black "Haller, Quentin"]
[Result "0-1"]
[WhiteElo "1930"]
[BlackElo "1797"]
[PlyCount "74"]
[EventDate "2019.11.09"]

1. e4 c6 2. d4 d5 3. exd5 cxd5 4. Bd3 Nc6 5. c3 Nf6 6. Bf4 Bg4 7. Qb3 Na5 8.
Qa4+ Bd7 9. Qc2 e6 10. Nf3 Nc4 11. Nbd2 Rc8 12. O-O Qb6 13. Rfb1 Nh5 14. Be3
Qc7 15. Ne5 Nxe5 16. dxe5 Qxe5 17. Re1 Qc7 18. Nf3 Bd6 19. g3 e5 20. Nxe5 Be6
21. Bd4 Nf6 22. Bb5+ Kf8 23. Rad1 Ne4 24. f4 Bc5 25. Qa4 a6 26. Bd7 b5 27.
Bxc5+ Nxc5 28. Qb4 Bxd7 29. Rxd5 Be6 30. Rd2 f6 31. Ng6+ hxg6 32. Rxe6 Kf7 33.
Red6 Rhe8 34. Qd4 Kg8 35. Qd5+ Qf7 36. Qd4 Ne4 37. Rd7 Nxd2 0-1

[Event "51smm B Gries-Groeden2"]
[Site "?"]
[Date "2019.11.09"]
[Round "1.1"]
[White "Casadio, Lorenzo"]
[Black "De Vita, Gianni"]
[Result "1-0"]
[WhiteElo "1771"]
[BlackElo "1992"]
[PlyCount "125"]
[EventDate "2019.11.09"]

1. d4 Nf6 2. c4 e6 3. Nf3 Bb4+ 4. Bd2 Be7 5. Nc3 d5 6. Bf4 O-O 7. e3 c6 8. Bd3
Nbd7 9. O-O Nh5 10. Be5 Nxe5 11. Nxe5 g6 12. Rc1 f5 13. Re1 Nf6 14. Qb3 Kh8 15.
f3 Ne8 16. c5 Qc7 17. Ne2 Bf6 18. Qc3 Bh4 19. g3 Bg5 20. Nf4 Kg7 21. b4 Be7 22.
Rb1 g5 23. Ne2 Bf6 24. a4 Qe7 25. b5 Bxe5 26. dxe5 Nc7 27. Nd4 Qd7 28. Rb4 Rd8
29. Qb2 Qe8 30. f4 gxf4 31. exf4 Kh8 32. Rb1 Qd7 33. Qe2 Rg8 34. R1b2 Ne8 35.
Qd1 Ng7 36. bxc6 bxc6 37. Rb8 Rxb8 38. Rxb8 Qc7 39. Qb3 Qa5 40. Qb4 Qc7 41. Be2
h6 42. Kf2 Kh7 43. Ra8 Bd7 44. Rxg8 Kxg8 45. a5 Ne8 46. Bd1 Kf7 47. Ba4 Qc8 48.
Bc2 Qa6 49. Ke3 Qf1 50. Qb7 Qe1+ 51. Kd3 Qe4+ 52. Kc3 Qe3+ 53. Bd3 Qc1+ 54. Nc2
Ke7 55. Qxa7 Qg1 56. Qb6 Nc7 57. Qxc7 Qxc5+ 58. Kb2 d4 59. Qd6+ Qxd6 60. exd6+
Kxd6 61. Nxd4 Kd5 62. Kc3 Kc5 63. Nb3+ 1-0

[Event "51smm B Gries-Groeden2"]
[Site "?"]
[Date "2019.11.09"]
[Round "1.2"]
[White "Zammarchi, Massimo"]
[Black "Knottner, Klaus"]
[Result "1-0"]
[WhiteElo "1932"]
[BlackElo "1627"]
[PlyCount "105"]
[EventDate "2019.11.09"]

1. e4 e5 2. Nf3 Nf6 3. Bc4 Nc6 4. Ng5 d5 5. exd5 Na5 6. Bb5+ c6 7. dxc6 bxc6 8.
Be2 h6 9. Nh3 Be6 10. Nc3 Qd7 11. d3 Nb7 12. Ng1 Bd6 13. Nf3 O-O 14. O-O Qc7
15. h3 Rfe8 16. Be3 Nd8 17. Ne4 Nxe4 18. dxe4 c5 19. Qd2 Nc6 20. c3 Rad8 21.
Qc2 Rb8 22. Rfd1 Red8 23. g4 Be7 24. Rxd8+ Rxd8 25. Kh2 Nd4 26. cxd4 exd4+ 27.
Kg2 dxe3 28. fxe3 Bf6 29. Rc1 Be7 30. Bc4 Qd6 31. b3 Bxc4 32. Qxc4 Qg6 33. Kg3
Qd6+ 34. e5 Qg6 35. Qc2 Qb6 36. Qe4 Qe6 37. Rc4 a6 38. Ra4 Rb8 39. Qc4 Qxc4 40.
Rxc4 Rb4 41. Kf4 g6 42. Ke4 Rb5 43. Ra4 Rb6 44. Nd2 Kf8 45. Nc4 Re6 46. Kd5 Ke8
47. Nd6+ Kd7 48. Rxa6 Bd8 49. Ra7+ Bc7 50. e4 Re7 51. Nxf7 Ke8 52. Nd6+ Kd7 53.
e6+ 1-0

[Event "51smm B Kaltern/Tramin2-Lana"]
[Site "?"]
[Date "2019.11.09"]
[Round "1.5"]
[White "Leimgruber, Erich"]
[Black "Menghin, Karl"]
[Result "0-1"]
[WhiteElo "1624"]
[BlackElo "1425"]
[PlyCount "78"]
[EventDate "2019.11.09"]

1. e4 Nc6 2. d4 d5 3. e5 Bf5 4. Bb5 e6 5. Nf3 h6 6. O-O Nge7 7. Re1 a6 8. Bd3
Bg4 9. c3 b5 10. b4 Nc8 11. h3 Bh5 12. g4 Bg6 13. Bxg6 fxg6 14. Qd3 N6e7 15.
Nh4 g5 16. Ng6 Nxg6 17. Qxg6+ Kd7 18. f4 gxf4 19. Bxf4 Qh4 20. Re3 Ne7 21. Qf7
g5 22. Bh2 h5 23. gxh5 Rxh5 24. Qf2 Qxf2+ 25. Kxf2 Bh6 26. Kg2 Nf5 27. Rd3 Rg8
28. Bg3 g4 29. h4 Ne3+ 30. Kg1 Nc2 31. Na3 Nxa3 32. Rf1 Rf8 33. Rf6 Rxf6 34.
exf6 Rf5 35. Be5 Bf4 36. h5 Bxe5 37. dxe5 Rxh5 38. Rd4 Rg5 39. Rf4 Ke8 0-1

[Event "51smm B Merania-Klausen 2"]
[Site "?"]
[Date "2019.11.09"]
[Round "1.2"]
[White "Teutsch, Alexander"]
[Black "Blasbichler, Robert"]
[Result "1-0"]
[WhiteElo "2061"]
[BlackElo "1617"]
[PlyCount "44"]
[EventDate "2019.11.09"]

1. d4 d5 2. c4 e6 3. cxd5 exd5 4. Nc3 Nf6 5. Bg5 Be7 6. e3 O-O 7. Qc2 Be6 8.
Bd3 Nbd7 9. Nge2 Rc8 10. Nf4 h6 11. Bh4 c5 12. Nxe6 fxe6 13. O-O c4 14. Be2 a6
15. Bf3 Nh7 16. Bxe7 Qxe7 17. Nxd5 Qg5 18. Nf4 Qb5 19. Nxe6 Rf6 20. Nf4 Ndf8
21. Rac1 Qd7 22. h3 Qd8 1-0

[Event "51smm B Merania-Klausen 2"]
[Site "?"]
[Date "2019.11.09"]
[Round "1.3"]
[White "Rabanser, Harald"]
[Black "Battiston, Claudio"]
[Result "1/2-1/2"]
[WhiteElo "1552"]
[BlackElo "1812"]
[PlyCount "65"]
[EventDate "2019.11.09"]

1. e4 g6 2. d4 Bg7 3. Nf3 c6 4. Be2 d6 5. O-O Nf6 6. e5 dxe5 7. dxe5 Qxd1 8.
Rxd1 Ng4 9. Bf4 Nd7 10. e6 fxe6 11. c3 O-O 12. Bg5 Ngf6 13. Bc4 Nb6 14. Bb3 h6
15. Bh4 g5 16. Bg3 Ne4 17. Re1 Nxg3 18. hxg3 Nd5 19. Nbd2 Bd7 20. Ne5 Bxe5 21.
Rxe5 Rf5 22. Rae1 Raf8 23. f3 Rxe5 24. Rxe5 Kg7 25. Re2 Rd8 26. Ne4 Nb6 27. Nc5
Bc8 28. f4 Rf8 29. Nd3 Nd5 30. c4 Nc7 31. Bc2 Ne8 32. c5 Nf6 33. fxg5 1/2-1/2

[Event "51smm B Merania-Klausen 2"]
[Site "?"]
[Date "2019.11.09"]
[Round "1.4"]
[White "Zuev, Mikhail"]
[Black "Steger, Andreas"]
[Result "1/2-1/2"]
[WhiteElo "1692"]
[BlackElo "1531"]
[PlyCount "37"]
[EventDate "2019.11.09"]

1. d4 Nf6 2. c4 d6 3. Nc3 Nbd7 4. Nf3 e5 5. dxe5 Nxe5 6. Nxe5 dxe5 7. Qxd8+
Kxd8 8. Bg5 Be7 9. g3 c6 10. Bg2 Be6 11. Bxf6 Bxf6 12. O-O-O+ Kc7 13. b3 a5 14.
a4 Be7 15. Rhf1 Ba3+ 16. Kc2 Rad8 17. e4 g5 18. h3 Rhg8 19. g4 1/2-1/2

[Event "51smm B Merania-Klausen 2"]
[Site "?"]
[Date "2019.11.09"]
[Round "1.5"]
[White "Hartmann, Alois Eugen"]
[Black "Kaserer, Hanspeter"]
[Result "1-0"]
[WhiteElo "1462"]
[BlackElo "1678"]
[PlyCount "111"]
[EventDate "2019.11.09"]

1. c4 e5 2. Nc3 Nf6 3. g3 c6 4. Bg2 d5 5. cxd5 cxd5 6. d3 d4 7. Ne4 Be7 8. Qb3
Nc6 9. Bd2 O-O 10. Rc1 Nxe4 11. Bxe4 Bd7 12. h4 Rb8 13. Nf3 Be6 14. Qc2 Bd5 15.
Bxd5 Qxd5 16. Qc4 Qd6 17. O-O Rfd8 18. Bg5 h6 19. Bxe7 Qxe7 20. Qc5 Qe6 21. Rc4
Rd5 22. Qa3 e4 23. dxe4 Qxe4 24. Qd3 Qg4 25. e4 Rh5 26. Nh2 Qg6 27. Nf3 b5 28.
Rcc1 Qd6 29. Rfd1 Rd8 30. a3 Ne5 31. Nxe5 Rxe5 32. f4 Rc5 33. b4 Rh5 34. e5 Qd7
35. Rc5 a6 36. e6 Rxc5 37. exd7 Rd5 38. Kg2 R5xd7 39. Kf3 Rc8 40. Qf5 Rc3+ 41.
Rd3 Rdc7 42. Ke4 Re7+ 43. Kxd4 Rc4+ 44. Kd5 g6 45. Qg4 h5 46. Kd6 hxg4 47. Kxe7
Kg7 48. Kd6 Rc2 49. Kd5 Rc4 50. Ke5 f6+ 51. Ke6 Re4+ 52. Kd6 g5 53. hxg5 fxg5
54. fxg5 Kg6 55. Kc6 Kxg5 56. Kb6 1-0

[Event "51smm B Merania-Klausen2"]
[Site "?"]
[Date "2019.11.09"]
[Round "1.1"]
[White "Sigmund, Ingenuin"]
[Black "Bonagura, Stefano"]
[Result "0-1"]
[WhiteElo "1701"]
[BlackElo "2231"]
[PlyCount "86"]
[EventDate "2019.11.09"]

1. Nf3 d5 2. g3 Nf6 3. Bg2 c6 4. O-O Bg4 5. d4 Bxf3 6. Bxf3 g6 7. b3 Bg7 8. Bb2
O-O 9. Nd2 Na6 10. c4 e6 11. Re1 Qd7 12. Qc2 Rfd8 13. Rad1 Rac8 14. a3 Ne8 15.
Qb1 f5 16. h3 Nd6 17. c5 Nf7 18. e3 e5 19. Bg2 e4 20. Qc2 Nc7 21. b4 Rf8 22.
Qb3 Rce8 23. Ra1 g5 24. a4 a6 25. Nb1 f4 26. exf4 gxf4 27. gxf4 Qf5 28. Qg3 Nd8
29. Na3 Nde6 30. Nc2 Qxf4 31. Re3 Rf6 32. Rf1 Rg6 33. Qxf4 Nxf4 34. Rg3 Ne2+
35. Kh2 Nxg3 36. fxg3 Bh6 37. Bc3 Rf8 38. Rxf8+ Kxf8 39. Bf1 Rf6 40. Kg2 Bc1
41. Be2 e3 42. Be1 Bd2 43. Bxd2 Rf2+ 0-1

[Event "51smm B Steinegg-Ridnaun"]
[Site "?"]
[Date "2019.11.09"]
[Round "1.1"]
[White "Aigner, Helmut"]
[Black "Engl, Stefan"]
[Result "1-0"]
[WhiteElo "1881"]
[BlackElo "1984"]
[PlyCount "65"]
[EventDate "2019.11.09"]

1. e4 e6 2. d4 d5 3. Nd2 c5 4. exd5 Qxd5 5. Ngf3 cxd4 6. Bc4 Qd6 7. O-O Nf6 8.
Nb3 Nc6 9. Nbxd4 Nxd4 10. Nxd4 Be7 11. Nb5 Qb8 12. Qe2 a6 13. Nc3 O-O 14. Bg5
Qc7 15. Rfe1 b5 16. Bd5 Bb7 17. Bxb7 Qxb7 18. Rad1 Rac8 19. a3 Rc4 20. Nb1 Rg4
21. f4 h5 22. Rd3 Bc5+ 23. Kh1 Nd5 24. Qe4 Qc7 25. Rf1 Bd6 26. Rdf3 Re8 27. h3
f5 28. Qd4 Rxg5 29. fxg5 Qxc2 30. g6 Bb8 31. Re1 Qc7 32. g3 Ba7 33. Qxd5 1-0

[Event "51smm B Steinegg-Ridnaun"]
[Site "?"]
[Date "2019.11.09"]
[Round "1.2"]
[White "Pichler, Martin"]
[Black "Obermueller, Johann"]
[Result "1-0"]
[WhiteElo "1835"]
[BlackElo "1668"]
[PlyCount "49"]
[EventDate "2019.11.09"]

1. e4 e5 2. Nf3 Nf6 3. Nxe5 d6 4. Nf3 Nxe4 5. Nc3 Nxc3 6. dxc3 Be7 7. Be3 Nc6
8. Qd2 Bg4 9. h3 Bh5 10. Bb5 a6 11. Ba4 b5 12. Bb3 Na5 13. Nd4 Qd7 14. Ne2 O-O
15. Nf4 Bg6 16. Nxg6 hxg6 17. h4 Qg4 18. Bd5 Rab8 19. b3 c6 20. Bf3 Qd7 21. h5
gxh5 22. Rxh5 Bf6 23. O-O-O g6 24. Rh3 Rfc8 25. Bd4 1-0

[Event "51smm B Steinegg-Ridnaun"]
[Site "?"]
[Date "2019.11.09"]
[Round "1.3"]
[White "Sparber, Werner"]
[Black "Engl, Alexander"]
[Result "1/2-1/2"]
[WhiteElo "1625"]
[BlackElo "1803"]
[PlyCount "94"]
[EventDate "2019.11.09"]

1. d4 e6 2. c4 f5 3. Nc3 Nf6 4. e3 Bb4 5. Bd2 O-O 6. Bd3 Bxc3 7. Bxc3 b6 8. Nf3
Bb7 9. O-O d6 10. Qe2 Ne4 11. Be1 Nd7 12. Nd2 Nxd2 13. Bxd2 e5 14. d5 e4 15.
Bc2 Ne5 16. Bc3 Qe7 17. Bxe5 Qxe5 18. b3 Rae8 19. Rae1 c6 20. dxc6 Bxc6 21. Rd1
Rf6 22. Rd2 Rh6 23. g3 Ree6 24. b4 Kf8 25. Bb3 Re8 26. Rfd1 Rd8 27. c5 b5 28.
cxd6 Rdxd6 29. Rxd6 Rxd6 30. Rxd6 Qxd6 31. Qc2 Bb7 32. a3 a6 33. Qd1 Qxd1+ 34.
Bxd1 Bd5 35. f3 Ke7 36. Kf2 Kd6 37. fxe4 fxe4 38. Ke2 Ke5 39. Kd2 Bc4 40. Bc2
g5 41. Kc3 h5 42. Bd1 g4 43. a4 Kd5 44. axb5 axb5 45. Bc2 Ke5 46. Bb3 Bxb3 47.
Kxb3 Ke6 1/2-1/2

[Event "51smm B Steinegg-Ridnaun"]
[Site "?"]
[Date "2019.11.09"]
[Round "1.4"]
[White "Lantschner, Carmen"]
[Black "Helfer, Sieghard"]
[Result "1-0"]
[WhiteElo "1669"]
[BlackElo "1513"]
[PlyCount "91"]
[EventDate "2019.11.09"]

1. e4 g6 2. d4 Bg7 3. Nc3 d6 4. Be3 Nd7 5. Nf3 e6 6. Qd2 h6 7. Bc4 Ne7 8. O-O
a6 9. a3 b6 10. Rad1 Bb7 11. d5 e5 12. Ne1 g5 13. Be2 Nf6 14. Nd3 Ng6 15. Nb4
Qd7 16. f3 Nh5 17. Na4 Nhf4 18. b3 Nxe2+ 19. Qxe2 Nf4 20. Qd2 a5 21. Nd3 Ke7
22. Bxb6 cxb6 23. Nxb6 Qd8 24. Nxa8 Qxa8 25. Nf2 Qa7 26. c4 Rc8 27. Kh1 Qc5 28.
g3 Ng6 29. Qb2 h5 30. Rc1 Qb6 31. Nd3 Bh8 32. Rf2 Ba6 33. Rc3 Qd4 34. Qd2 Bf6
35. Nb2 Qc5 36. a4 Qb4 37. Nd3 Qb6 38. Kg2 Rh8 39. Rf1 h4 40. Nf2 hxg3 41. hxg3
Bc8 42. Qc2 Qc5 43. Rh1 Rxh1 44. Kxh1 Qc7 45. c5 Qd8 46. cxd6+ 1-0

[Event "51smm B Steinegg-Ridnaun"]
[Site "?"]
[Date "2019.11.09"]
[Round "1.5"]
[White "Gasteiger, Josef"]
[Black "Schroffenegger, Simon"]
[Result "0-1"]
[WhiteElo "1347"]
[BlackElo "1527"]
[PlyCount "100"]
[EventDate "2019.11.09"]

1. Nf3 Nf6 2. Nc3 Nc6 3. e4 e5 4. a3 a5 5. Bc4 Bc5 6. d3 d6 7. Bg5 Nd4 8. Nd5
Bg4 9. Bxf6 gxf6 10. c3 Nxf3+ 11. gxf3 Be6 12. Qc2 c6 13. Ne3 Qb6 14. Ng4 h5
15. Bxe6 fxe6 16. Ne3 Bxe3 17. fxe3 Qxe3+ 18. Qe2 Qxe2+ 19. Kxe2 Rg8 20. Rhg1
Kf7 21. h4 b5 22. b4 Rxg1 23. Rxg1 axb4 24. axb4 Ra2+ 25. Ke3 Rh2 26. Ra1 f5
27. exf5 exf5 28. Ra6 f4+ 29. Ke4 Ke6 30. d4 Re2+ 31. Kd3 Re3+ 32. Kd2 Rxf3 33.
Rxc6 e4 34. Rc8 Rh3 35. Re8+ Kd5 36. Rb8 Rh2+ 37. Ke1 Kc4 38. Rc8+ Kd3 39. c4
e3 40. Kf1 bxc4 41. Ra8 f3 42. Ra3+ Kxd4 43. Kg1 Rg2+ 44. Kh1 Rg4 45. b5 f2 46.
Ra1 e2 47. b6 e1=Q+ 48. Rxe1 fxe1=Q+ 49. Kh2 Qg1+ 50. Kh3 Qg2# 0-1

[Event "51smm B Taufers-Bruneck"]
[Site "?"]
[Date "2019.11.09"]
[Round "1.1"]
[White "Balzarini, Franco"]
[Black "Holzer, Philipp"]
[Result "0-1"]
[WhiteElo "1832"]
[BlackElo "1880"]
[PlyCount "116"]
[EventDate "2019.11.09"]

1. d4 d5 2. Nf3 Nf6 3. e3 Bf5 4. Bd3 Bxd3 5. Qxd3 c6 6. O-O e6 7. b3 Nbd7 8.
Bb2 Ne4 9. Nbd2 Ndf6 10. Ne5 Nxd2 11. Qxd2 Bd6 12. f3 O-O 13. Rae1 Qc7 14. g3
Rac8 15. Nd3 Nd7 16. Re2 Rfd8 17. Kh1 c5 18. dxc5 Nxc5 19. Qc3 f6 20. Nf4 Be5
21. Qd2 Bxb2 22. c3 g5 23. Nh5 Qf7 24. g4 Ba3 25. b4 Na4 26. f4 Nxc3 27. Ree1
Ne4 28. Qd4 Rc4 29. Qxa7 Bxb4 30. Re2 Bc5 31. Qa5 b6 32. Qe1 Bb4 33. Qa1 Bc3
34. Qd1 Qg6 35. Rc2 Rf8 36. Qe2 Kh8 37. Rfc1 b5 38. a4 bxa4 39. Qd1 a3 40. f5
Qf7 41. Qd3 exf5 42. h3 fxg4 43. hxg4 Qe6 44. Rg1 Be5 45. Qxa3 Bd6 46. Qa7 Qf7
47. Qxf7 Rxf7 48. Ra2 Rf8 49. Rd1 Nc3 50. Ra6 Nxd1 51. Rxd6 Nxe3 52. Kh2 Nxg4+
53. Kg3 Ne3 54. Kf3 Nf5 55. Rxd5 Ng7 56. Ng3 h5 57. Ne4 g4+ 58. Ke3 Re8 0-1

[Event "51smm A Groeden-Richter/Lask"]
[Site "?"]
[Date "2019.11.16"]
[Round "2.1"]
[White "De Eccher, Stefano"]
[Black "Moroder, Stephan"]
[Result "0-1"]
[WhiteElo "2178"]
[BlackElo "2143"]
[PlyCount "134"]
[EventDate "2019.11.16"]

1. e4 e6 2. d4 d5 3. Nc3 Nc6 4. Nf3 Nf6 5. e5 Ne4 6. Ne2 f6 7. Ng3 fxe5 8. Bb5
Nd6 9. Bxc6+ bxc6 10. Nxe5 Nf7 11. Nh5 Nxe5 12. dxe5 Ba6 13. Qg4 Qe7 14. Bd2
Kd7 15. O-O-O Qf7 16. Rhe1 Qg6 17. Qh3 Bc5 18. Be3 Bb4 19. Rd4 Bxe1 20. Rg4
Rag8 21. Rxg6 hxg6 22. Qf3 Rf8 23. Nf6+ gxf6 24. exf6 Bb4 25. Qg4 Bd6 26. Qxg6
Rhg8 27. Qh7+ Kc8 28. Bh6 Rh8 29. Qg6 Rfg8 30. Bg7 Rxh2 31. c3 Rh1+ 32. Kc2 Rf1
33. f7 Rxf2+ 34. Kd1 Rf1+ 35. Kc2 Rd8 36. Qxe6+ Kb7 37. g4 Rf2+ 38. Kd1 Rf1+
39. Kc2 Rf2+ 40. Kd1 Bd3 41. Bd4 Bc2+ 42. Ke1 Rf4 43. Kd2 Bb1 44. g5 Rf8 45. g6
Bxg6 46. Qxg6 R8xf7 47. Kc2 c5 48. Be3 Rf3 49. Qe6 R3f5 50. Kb3 a6 51. Ka4 R7f6
52. Qd7 Re5 53. Bg1 Rf1 54. Bh2 Re4+ 55. b4 Rf6 56. a3 cxb4 57. axb4 Rfe6 58.
Bg1 Re1 59. Bc5 Bxc5 60. Qxd5+ Rc6 61. bxc5 Ra1+ 62. Kb4 Rb1+ 63. Ka4 Rb5 64.
Qe4 Rbxc5 65. Qb4+ Ka8 66. Ka3 Rxc3+ 67. Ka2 R3c5 0-1

[Event "51smm A Groeden-Richter/Lask"]
[Site "?"]
[Date "2019.11.16"]
[Round "2.2"]
[White "Demetz, Rainer"]
[Black "Moncher, Stefano"]
[Result "1/2-1/2"]
[WhiteElo "2170"]
[BlackElo "2181"]
[PlyCount "32"]
[EventDate "2019.11.16"]

1. e4 e6 2. d4 d5 3. Nc3 Bb4 4. exd5 exd5 5. a3 Bxc3+ 6. bxc3 Nc6 7. Bd3 Nge7
8. Qf3 Be6 9. Ne2 Qd7 10. O-O Bf5 11. Ng3 Bg6 12. Rb1 Na5 13. Re1 O-O 14. Bg5
f6 15. Bf4 c6 16. h4 Nc4 1/2-1/2

[Event "51smm A Groeden-Richter/Lask"]
[Site "?"]
[Date "2019.11.16"]
[Round "2.3"]
[White "Voltolini, Giuseppe"]
[Black "Bernardi, Ruben"]
[Result "1-0"]
[WhiteElo "2123"]
[BlackElo "2101"]
[PlyCount "69"]
[EventDate "2019.11.16"]

1. d4 d5 2. c4 c6 3. Nf3 Nf6 4. e3 Bf5 5. Nc3 a6 6. Bd3 e6 7. Bxf5 exf5 8. cxd5
cxd5 9. O-O Nc6 10. Bd2 Be7 11. Ne5 O-O 12. Nxc6 bxc6 13. Na4 Qb8 14. Qc2 Ne4
15. Rfc1 Rc8 16. Be1 g6 17. Rab1 Bd6 18. g3 Qb5 19. b4 Ra7 20. Nc5 Qb8 21. Kg2
Qa8 22. Rb3 Nxc5 23. bxc5 Bc7 24. Rcb1 Rb8 25. Rxb8+ Bxb8 26. Qa4 Bc7 27. Ba5
Qe8 28. Rb2 Qe4+ 29. Kg1 f4 30. Bxc7 Rxc7 31. Qa5 Re7 32. gxf4 g5 33. Qd8+ Kg7
34. Rb8 Qf3 35. Qg8+ 1-0

[Event "51smm A Groeden-Richter/Lask"]
[Site "?"]
[Date "2019.11.16"]
[Round "2.4"]
[White "Moroder, Thomas"]
[Black "Billio, Atto"]
[Result "0-1"]
[WhiteElo "1984"]
[BlackElo "2033"]
[PlyCount "136"]
[EventDate "2019.11.16"]

1. e4 c5 2. Nf3 e6 3. c3 Nf6 4. e5 Nd5 5. d4 cxd4 6. cxd4 d6 7. a3 Nd7 8. Bd3
Qc7 9. O-O dxe5 10. dxe5 Be7 11. Qe2 b6 12. Nbd2 Bb7 13. Nb3 O-O 14. Bd2 Rac8
15. Rfe1 Rfd8 16. Ng5 Nf8 17. Rac1 Qb8 18. Rxc8 Qxc8 19. Qf3 Nf4 20. Be4 Bxe4
21. Nxe4 Nd3 22. Rf1 Nxe5 23. Qg3 Nfg6 24. Bc3 Rd3 25. f3 Nc4 26. Nc1 Rd5 27.
f4 Qd8 28. Qf3 Nh4 29. Qe2 Nd6 30. Ng3 Nb5 31. Be5 Ng6 32. Qf3 Nd4 33. Qe4 f5
34. Qe1 Nxe5 35. fxe5 Nc2 36. Qc3 Ne3 37. Re1 Rd1 38. Nb3 Rxe1+ 39. Qxe1 Qd1
40. Qxd1 Nxd1 41. Ne2 Nxb2 42. Ned4 Bxa3 43. Nb5 Nc4 44. Nxa7 Nxe5 45. Kf1 Kf7
46. Nc8 Nd7 47. Ke2 e5 48. Na7 Ke6 49. Nc8 Kd5 50. Na7 Bb4 51. Nc1 e4 52. g3 g5
53. Nb5 f4 54. Nc7+ Ke5 55. Kf1 f3 56. Nb5 Nc5 57. Kf2 Bd2 58. Na2 Na4 59. Na3
b5 60. Nc2 Nc5 61. Nab4 g4 62. Nc6+ Kd6 63. N6d4 b4 64. Nf5+ Ke5 65. Nfe3 Nd3+
66. Kf1 Bxe3 67. Nxe3 Kd4 68. Nxg4 b3 0-1

[Event "51smm A Groeden-Richter/Lask"]
[Site "?"]
[Date "2019.11.16"]
[Round "2.5"]
[White "Kowalczyk, Martin"]
[Black "Grossi, Christian"]
[Result "0-1"]
[WhiteElo "1781"]
[BlackElo "1858"]
[PlyCount "92"]
[EventDate "2019.11.16"]

1. e4 g6 2. d4 Bg7 3. f4 d6 4. Nf3 c6 5. Bc4 d5 6. exd5 cxd5 7. Bb5+ Bd7 8.
Bxd7+ Nxd7 9. O-O Ngf6 10. Nc3 O-O 11. h3 Nb6 12. Qd3 e6 13. b3 Rc8 14. Ne5 Qc7
15. Nb5 Qxc2 16. Nxa7 Qxd3 17. Nxd3 Rc2 18. Nb5 Ne4 19. Be3 Rfc8 20. Nb4 Re2
21. Rfe1 Rxe1+ 22. Rxe1 Bf8 23. Nd3 Rc2 24. a4 Nd7 25. Rc1 Re2 26. Re1 Ra2 27.
Rc1 Ndf6 28. Rc8 Ng3 29. Bf2 Ra1+ 30. Be1 Nfe4 31. Kh2 Nf1+ 32. Kg1 Ne3 33. Kh2
Ra2 34. h4 Rxg2+ 35. Kh3 Rg1 36. Kh2 Rg2+ 37. Kh3 Kg7 38. Nc3 Rg1 39. Kh2 Rg2+
40. Kh3 Rc2 41. a5 h5 42. Ne5 Nf1 43. Nf3 Bb4 44. Nxe4 Rxc8 45. Bxb4 dxe4 46.
Ng5 Rc2 0-1

[Event "51smm A Groeden-Richter/Lask"]
[Site "?"]
[Date "2019.11.16"]
[Round "2.6"]
[White "Casadio, Niccolo"]
[Black "Paparella, Stefano"]
[Result "1-0"]
[WhiteElo "1879"]
[BlackElo "1803"]
[PlyCount "87"]
[EventDate "2019.11.16"]

1. d4 d5 2. Bf4 Bf5 3. e3 c6 4. c4 e6 5. Nc3 Bd6 6. Bxd6 Qxd6 7. Nf3 Nd7 8. Be2
Ngf6 9. O-O O-O 10. Nh4 Bg6 11. Nxg6 hxg6 12. c5 Qc7 13. b4 a6 14. a4 b5 15.
cxb6 Qxb6 16. Rb1 a5 17. b5 c5 18. dxc5 Nxc5 19. Qd4 Rac8 20. Rfc1 Rc7 21. Bf3
Rfc8 22. Ne2 Nfd7 23. Rd1 Qb7 24. Nc3 Nb6 25. e4 Ncd7 26. exd5 exd5 27. Nxd5
Nxd5 28. Bxd5 Qb8 29. b6 Rc2 30. Bxf7+ Kxf7 31. Qxd7+ Kg8 32. b7 Rf8 33. Qe6+
Kh7 34. Rb3 Rc5 35. Rh3+ Rh5 36. Rxh5+ gxh5 37. Rd5 Rf6 38. Rxh5+ Kg6 39. Qg4+
Kf7 40. Rh7 Qf8 41. Qxg7+ Ke6 42. Qd7+ Ke5 43. Rh5+ Ke4 44. Qd5+ 1-0

[Event "51smm A Kaltern/Tramin-Brixen/Milland"]
[Site "?"]
[Date "2019.11.16"]
[Round "2.1"]
[White "Sader, Michael"]
[Black "Paltrinieri, Nicholas"]
[Result "1/2-1/2"]
[WhiteElo "2128"]
[BlackElo "2263"]
[PlyCount "110"]
[EventDate "2019.11.16"]

1. Nf3 e6 2. c4 f5 3. g3 Nf6 4. Bg2 d5 5. cxd5 exd5 6. O-O Be7 7. d3 O-O 8. Nc3
c6 9. e4 fxe4 10. dxe4 Nxe4 11. Nxe4 dxe4 12. Qb3+ Qd5 13. Nd2 Bf5 14. Qxb7 Nd7
15. Nb3 Rfb8 16. Qa6 Nc5 17. Nxc5 Bxc5 18. Qe2 Bd4 19. Rd1 c5 20. Be3 Rb6 21.
b3 Rd8 22. Rac1 Rb4 23. Bf1 Kh8 24. Rc4 a5 25. Bxd4 cxd4 26. Rdxd4 Qxd4 27.
Rxd4 Rbxd4 28. g4 Rd2 29. Qe3 Bxg4 30. Qxe4 R2d4 31. Qe7 h6 32. h3 Bf5 33. Kh2
Bb1 34. a4 R8d6 35. Bc4 Rd8 36. Kg3 Bd3 37. Be6 Bg6 38. Bc4 Bd3 39. Be6 Bh7 40.
f4 Bg8 41. f5 Bxe6 42. fxe6 Rd3+ 43. Kf4 R8d4+ 44. Ke5 Rd5+ 45. Ke4 R3d4+ 46.
Ke3 Rb4 47. Qc7 Rxb3+ 48. Ke4 Rd1 49. e7 Re1+ 50. Kd4 Rd1+ 51. Ke4 Re1+ 52. Kd4
Rbe3 53. Qc8+ Kh7 54. Qf5+ Kg8 55. Qf8+ Kh7 1/2-1/2

[Event "51smm A Kaltern/Tramin-Brixen/Milland"]
[Site "?"]
[Date "2019.11.16"]
[Round "2.2"]
[White "Zucchelli, Massimo"]
[Black "Kofler, Thomas"]
[Result "1/2-1/2"]
[WhiteElo "2150"]
[BlackElo "1972"]
[PlyCount "121"]
[EventDate "2019.11.16"]

1. d4 d6 2. Nf3 Nf6 3. g3 Nbd7 4. Bg2 e5 5. O-O e4 6. Ng5 d5 7. c4 h6 8. Nh3 c6
9. cxd5 cxd5 10. Nc3 Bd6 11. f3 exf3 12. exf3 O-O 13. Nf4 Nb6 14. Nd3 Bd7 15.
Ne5 Be6 16. f4 Qc8 17. Bd2 Bh3 18. Rc1 Bxg2 19. Kxg2 Qd8 20. b3 Rc8 21. Nb5
Rxc1 22. Qxc1 Bb8 23. Ba5 a6 24. Qc5 axb5 25. Bxb6 Qc8 26. Qxb5 Qc2+ 27. Rf2
Qe4+ 28. Kh3 h5 29. Re2 Qf5+ 30. Kg2 h4 31. Qd3 Ne4 32. Rc2 Bd6 33. Bc7 Rc8 34.
Bxd6 Rxc2+ 35. Qxc2 h3+ 36. Kg1 Nxd6 37. Qxf5 Nxf5 38. Nf3 Kf8 39. Kf2 f6 40.
g4 Nd6 41. Kg3 Nb5 42. Kxh3 Nc3 43. a4 Ke7 44. f5 Kd6 45. Kg3 Ne4+ 46. Kf4 Nc3
47. g5 Ne2+ 48. Ke3 Nc1 49. gxf6 gxf6 50. Nd2 Ke7 51. b4 Na2 52. a5 Nxb4 53.
Nb3 Nc6 54. Kf4 Kf7 55. Kg4 Kg7 56. Kh5 Kh7 57. h3 Kg7 58. h4 Kf7 59. Kg4 Kg7
60. Kh5 Kf7 61. Kg4 1/2-1/2

[Event "51smm A Kaltern/Tramin-Brixen/Milland"]
[Site "?"]
[Date "2019.11.16"]
[Round "2.3"]
[White "Wisthaler, Lukas"]
[Black "Waldner, Mirko"]
[Result "1/2-1/2"]
[WhiteElo "1861"]
[BlackElo "1952"]
[PlyCount "149"]
[EventDate "2019.11.16"]

1. e4 d6 2. c4 Nf6 3. Nc3 g6 4. Nf3 Bg7 5. d4 O-O 6. Be2 c5 7. O-O Bg4 8. Be3
Na6 9. Qd2 Re8 10. h3 Bxf3 11. Bxf3 Nd7 12. Rad1 Nb4 13. Bg4 cxd4 14. Bxd4 Ne5
15. Be2 Rc8 16. b3 Nbc6 17. Be3 Qa5 18. Nd5 Qxd2 19. Rxd2 Nd7 20. Bg4 Rcd8 21.
Rc1 Nc5 22. Bf3 Ne6 23. Rcd1 h5 24. g3 Rc8 25. Bg2 Nc7 26. f4 Na6 27. f5 b6 28.
Rf2 Nc5 29. Kh2 Ne5 30. f6 exf6 31. Nxf6+ Bxf6 32. Rxf6 Nc6 33. Rdf1 Rc7 34.
Bxc5 dxc5 35. Rd6 Kg7 36. h4 Nd4 37. Rf4 Rce7 38. Rdf6 Rf8 39. Rf2 Re5 40. Rd6
Rfe8 41. Rdf6 R8e7 42. R6f4 Nc6 43. Kg1 R5e6 44. Rd2 Nd4 45. Rdf2 Re5 46. Kh2
Ne6 47. Rf6 Nc7 48. R6f4 Ne8 49. Kg1 Nd6 50. Rd2 Ne8 51. Kf2 Nf6 52. Bf3 R5e6
53. Rd8 Rd7 54. Rxd7 Nxd7 55. g4 Ne5 56. Be2 hxg4 57. Kg3 Rd6 58. h5 Rd2 59.
Bxg4 Rxa2 60. hxg6 fxg6 61. Rf1 Rb2 62. Bd1 Rb1 63. Kf2 Rb2+ 64. Ke3 a6 65. Re1
b5 66. cxb5 axb5 67. Rg1 Nc6 68. Rg5 Rb1 69. Rxc5 Rxd1 70. Rxc6 Rb1 71. Rc3 g5
72. Kd4 Kf6 73. Rf3+ Ke6 74. Rf5 Rxb3 75. Rxg5 1/2-1/2